000 00314 a2200109 4500
001 ART_11320
005 20260410161856.0
008 260409a
245 1 0 _aLibertad política, moral y económica
100 1 _aMachlup, Fritz
773 0 _tRevista de Economía
_g- Nº 33 (jun. 1982)
_wREV11077
999 _c25463
_d25463